Gay

সংরক্ষণ করুন:
গ্রন্থ-পঞ্জীর বিবরন
অন্যান্য লেখক: Scarlini, Luca, Del Pozzo, Daniele
বিন্যাস: গ্রন্থ
ভাষা:ইংরেজি
প্রকাশিত: Milano
ট্যাগগুলো: ট্যাগ যুক্ত করুন
কোনো ট্যাগ নেই, প্রথমজন হিসাবে ট্যাগ করুন!

MARC

LEADER 00000nam a2200000 4500
001 CDOM0000003756
003 mi
005 20250914091112.0
008 250914b |||||||| |||| 00| 0 eng d
040 |c mi 
245 1 |a Gay  
260 |a Milano 
700 |a Scarlini, Luca 
700 |a Del Pozzo, Daniele 
942 |2 ddc  |c BK 
952 |0 0  |1 0  |2 ddc  |4 0  |7 0  |9 6970  |a MI  |b MI  |d 2009-08-28  |i 5473  |l 0  |p CDOM5473  |r 2025-07-13 16:28:00  |w 2025-07-13  |x ACQUISTO  |y BK 
999 |c 5690  |d 5690